000 02300nam a22003137a 4500
005 20251027140830.0
008 251027b |||||||| |||| 00| 0 eng d
020 _a9789251397299
022 _a18100708
040 _aUniagraria
_bspa
_erda
041 _aeng
_heng
082 0 4 _a636.089632 /
_bF686g
110 _aFood and Agriculture Organization of the United Nations
_9835
245 _aGuidelines for sustainable tick control and acaricide resistance management in livestock.
_cFood and Agriculture Organization of the United Nations (FAO)
264 _aRoma:
_bFAO Animal production and health
_c2025
300 _a60 páginas
_bContiene ilustraciones, figuras, tablas.
_c30 cm.
336 _2rdacontent
_atexto
_btxt
337 _2rdamedia
_ano mediado
_bn
338 _2rdacarrier
_avolumen
_bnc
504 _aIncluye bibliografía páginas 46 - 57
505 _aContents: Contributors. --Acknowledgements. -- Foreword. -- Abbreviations. -- Glossary. PART 1. Tick infestations in cattle. -- Biology of ticks. -- Burden of ticks, tick-borne diseases and acaricide resistance PART 2. Synthetic acaricides and the threat of acaricide resistance. -- Synthetic acaricide products. -- Regulatory framework. -- Access and use of acaricides in the field. -- Acaricide resistance in cattle ticks. -- The threat of acaricides to animal health and welfare, public health, and the environment. PART 3. Sustainable tick management. -- Objectives of tick management. -- Cattle production systems. -- Livestock production management. -- Tick control practices. -- Non-chemical tick control. -- Future alternative methods for tick management. -- Regulatory requirements for non-chemical tick control products. -- Integrated tick management. -- Integrating social and behavioural sciences in acaricide resistance strategies. PART 4. Collective pathway for sustainable tick control and acaricide resistance management in livestock. -- Vision, global goals and key objectives. -- Research agenda
546 _aEl idioma esta en ingles
598 _a1
650 0 _aGanado — Control de parásitos.
_9836
650 0 _aGarrapatas — Control biológico.
_9837
650 0 _aAcaricidas — Resistencia.
_9838
650 0 _aSalud animal — Manejo sostenible.
_9839
942 _cBK
_n0
999 _c37843
_d37843